[Event "EU-chT Seniors 10th"]
[Site "Dresden"]
[Date "2008.02.17"]
[Round "7.4"]
[White "Van Bellen, Hendrik"]
[Black "Saeurig, Bernhard"]
[Result "1/2-1/2"]
[WhiteElo "1888"]
[BlackElo "1801"]
[PlyCount "40"]
[EventDate "2008.02.11"]
[EventType "team-swiss"]
[EventRounds "9"]
[EventCountry "GER"]
[SourceTitle "CBM 122 Extra"]
[Source "ChessBase"]
[SourceDate "2008.03.04"]
[SourceVersion "1"]
[SourceVersionDate "2008.03.04"]
[SourceQuality "1"]
[WhiteTeam "DD Oranjeteam II"]
[BlackTeam "Dresden Rotation"]
[WhiteTeamCountry "NED"]
[BlackTeamCountry "GER"]

1. Nc3 c5 2. Nf3 Nf6 3. d4 cxd4 4. Nxd4 d6 5. g3 e5 6. Nb3 Nc6 7. Bg5 Be7 8. Bg2 Be6 9. 0-0 0-0 10. e3 h6 11. Bxf6 Bxf6 12. Qd2 Qd7 13. Rfd1 Rad8 14. Qe2 Bxb3 15. cxb3 a6 16. Rd2 Be7 17. Rad1 f5 18. Qc4+ Kh7 19. Nd5 Bf6 20. b4 e4 1/2-1/2

[Event "EU-chT Seniors 10th"]
[Site "Dresden"]
[Date "2008.02.14"]
[Round "4.4"]
[White "Saeurig, Bernhard"]
[Black "Warnke, Eberhard"]
[Result "1/2-1/2"]
[WhiteElo "1801"]
[BlackElo "1787"]
[PlyCount "24"]
[EventDate "2008.02.11"]
[EventType "team-swiss"]
[EventRounds "9"]
[EventCountry "GER"]
[SourceTitle "CBM 122 Extra"]
[Source "ChessBase"]
[SourceDate "2008.03.04"]
[SourceVersion "1"]
[SourceVersionDate "2008.03.04"]
[SourceQuality "1"]
[WhiteTeam "Dresden Rotation"]
[BlackTeam "Bahn Sozialwerk II"]
[WhiteTeamCountry "GER"]
[BlackTeamCountry "GER"]

1. d4 d5 2. Nf3 Nf6 3. c4 e6 4. Nc3 Be7 5. Qc2 0-0 6. e3 b6 7. cxd5 exd5 8. Bd3 Bb7 9. 0-0 Nbd7 10. b3 a6 11. Bb2 Re8 12. Rac1 Rc8 1/2-1/2